An anthology of Philips research [1891-1966] /

Guardado en:
Autor Corporativo: Philips' Gloeilampenfabrieken.
Otros Autores: Casimir, H. B. G. 1909-, (Editor , ed.), Gradstein, S., (Editor , ed.)
Formato: Libro
Idioma:English
Publicado: Eindhoben : N.V. Philips' Gloeilampenfabrieken, 1966.
Materias:
Etiquetas: Agregar Etiqueta
Sin Etiquetas, Sea el primero en etiquetar este registro!
LEADER 00995cam a22002415a 4500
001 EIQ.libpla002448
008 731001s1966####ne#a##########010#0#eng#d
005 20070614170348.0
245 0 3 |a An anthology of Philips research [1891-1966] /  |c edited by H. B. G. Casimir and S. Gradstein. Issued by N. V. Philips' Gloeilampenfabrieken on the occasion of their 75th anniversary. 
260 |a Eindhoben :  |b N.V. Philips' Gloeilampenfabrieken,  |c 1966. 
300 |a 472 p. :  |b il., fotos ;  |c 28 cm. 
700 1 |a Casimir, H. B. G.  |q (Hendrik Brugt Gerhard),  |d 1909-,  |e ed.  |4 edt 
700 1 |a Gradstein, S.,  |e ed.  |4 edt 
710 2 |a Philips' Gloeilampenfabrieken. 
043 |a e-ne--- 
082 0 0 |a 621.3 
650 4 |a Ingeniería eléctrica  |x Lámparas. 
650 4 |a Investigación industrial  |z Países Bajos. 
650 4 |a Electric engineering  |x Lamps. 
650 0 |a Research, Industrial  |z Netherlands. 
010 |a  67085121  
040 |a DLC  |c DLC  |d AR-BbSID 
859 |a AR-BbSID  |b BIB. PLAPIQUI  |h 621.3  |i An 86  |p 5980